00776nam a2200229Ia 4500008004100000020001500041082002600056100002600082245004300108250001800151260003700169260002000206260000900226300001000235500004300245650003300288650001800321650003400339942001500373999001700388952014100405260312s9999 xx 000 0 und d a2130356087 a342.44 D985c 1978 HNA aDuverger, Maurice913 0aConstitutions et documents politiques. a8a. edición aPresses Universitaires de France bParís, France c1978 a871p. aColección Humberto Nogueira Alcalá aDerecho constitucional91698 aFrancia92181 aHistoria constitucional92305 2ddccLIBRO c20218d20218 00102ddc40708CGaBCbBCd2025-08-30eDonación Humberto Nogueiral0o342.44 D985c 1978 HNAp27534r2026-04-30t1w2026-04-30yLIBRO